000 00582nam a2200181 4500
005 20241122124609.0
010 _aENG-142465
020 _c595.00
_a9789393734358
035 _aEN-125997
037 _bDBAD
082 _a363.1927
100 _aIfediba Uche
_974041
245 _aHow Much of Your Food is Poison:
_bFind Out and Live Longer/
_cBy Ifediba Uche
260 _aKolkata
_bExecller books
_c2022
270 _aG1, Dream Apartment, Degree College Road, Belgharia
_bKolkata
_e700056
300 _a143p.
_c21cm(pb)
942 _2ddc
_cEN
_h363.1927
_mIFE
_e2022
999 _c206792
_d206792